000 00770nam a2200253Ia 4500
003 OSt
005 20221005081236.0
006 a|||||r|||| 00| 0
007 ta
008 221004b |||||||| |||| 00| 0 eng d
024 _a19864
037 _cTextual
040 _aCRL
_cCRL
_beng
041 _2eng
_aeng
082 _aO13,1xN5, 111M1
100 _aMahapatra Sitakant Editor
_9610905
245 0 _aLonging for the south
_b Contemporary Macedonian poetry
260 _aNew Delhi
_bProchi Prakashan India
_c1981
300 _a196p.
_ccm.
650 _aGREEK LITERATURE
700 _a Boskovski Jozo T Editor
_9610906
942 _hO13,1xN5, 111M1
_cTEXL
_2cc
999 _c987406
_d987406